2025–2026 National League Teams - Statistics

General Stats
  • This quiz has been taken 14 times
  • The average score is 14 of 24
Answer Stats
Answer % Correct
Morecambe
92%
Sutton United
83%
Boreham Wood
75%
Rochdale
75%
Yeovil Town
75%
York City
75%
Altrincham
67%
Forest Green Rovers
67%
Tamworth
67%
Brackley Town
58%
Eastleigh
58%
Gateshead
58%
Hartlepool United
58%
Southend United
58%
Wealdstone
58%
Woking
58%
Aldershot Town
50%
Boston United
50%
Carlisle United
50%
Scunthorpe United
50%
Truro City
50%
Braintree Town
42%
Solihull Moors
42%
FC Halifax Town
25%
No matching quizzes found
Score Distribution
Percent of People with Each Score
Percentile by Number Answered
Your Score History
You have not taken this quiz